| 000 | 00983nam a22002297a 4500 | ||
|---|---|---|---|
| 003 | OSt | ||
| 005 | 20250410102057.0 | ||
| 008 | 240912b ||||| |||| 00| 0 eng d | ||
| 040 | _c0 | ||
| 082 | _aDPer 621.317 Ie21 December 2022 v.37 n. 12 part 1&2. | ||
| 100 |
_aLee, Jungho. _eauthor. _960861 |
||
| 245 |
_aMtpa control method for midp spmsm drive system using angle diffrence controller and p&o algorithm / _cJungho Lee and Jong-Woo Choi. |
||
| 260 |
_aNew York ; _bThe Institute of Electrical and Electronics Engineers, Inc., _cDecember 2022. |
||
| 300 |
_avolume 37, pages 15382-15396, _billustration. |
||
| 500 | _aIEEE Transactions on Power Electronics, v. 37 n. 12, pages 15382-15396, December 2022. | ||
| 650 | 0 |
_aEfficiency optimizing. _966271 |
|
| 650 | 0 |
_amaximum torque per ampere (MTPA). _966272 |
|
| 650 | 0 |
_apermanent-magnet synchronous motor (PMSM). _966273 |
|
| 700 |
_aLee, Jungho. _eauthor. _960861 |
||
| 700 |
_aChoi, Jong-Woo. _960862 |
||
| 942 |
_2ddc _cPER |
||
| 999 |
_c21564 _d21564 |
||